000 00651nam a2200229 a 4500
999 _c10897
_d10897
001 10897
003 BD-JhCC
005 20191208134008.0
008 190527b2018 bg |||| ||a| 000 0 ben d
020 _a9789845260435
035 _a(BD-JhCC)10897
040 _aBD-JhCC
_dBD-JhCC
041 _aben
082 _a891.443
_bCHO 2018
100 _aচৌধুরী, আসাদ
245 _aকিশোরসমগ্র /
_cআসাদ চৌধুরী
260 _aঢাকা,
_bঅনিন্দ্য প্রকাশ ;
_c2018.
300 _av. 2-3 :
_c22 cm.
650 _aBengali Novel
942 _2ddc
_cBK
_02